| 000 | 00372nam a22001577a 4500 | ||
|---|---|---|---|
| 003 | OSt | ||
| 005 | 20210921144558.0 | ||
| 008 | 210921b |||||||| |||| 00| 0 eng d | ||
| 040 | _cHU | ||
| 082 | _a616.89 | ||
| 100 |
_aCARL R ROGERS _95670 |
||
| 245 | _aOn Becoming a Person A Therapists View of Psychotherapy | ||
| 260 | _c1961 | ||
| 300 | _a420 | ||
| 942 |
_2ddc _cBOOKS _n0 |
||
| 999 |
_c5527 _d5527 |
||